Ariana Grande "just like magic" lyrics - Statistics

General Stats
  • This quiz has been taken 267 times
  • The average score is 268 of 327
Answer Stats
Hint Answer % Correct
a
99%
i
99%
(i
99%
Bridge I
99%
just
99%
Chorus Just
99%
(just
99%
my
98%
(my
98%
yeah
98%
it
96%
it)
96%
like
95%
| Intro oh
95%
magic
94%
magic)
94%
ah
93%
the
93%
ayy
92%
| outro mmm
92%
then
92%
to
92%
and
91%
in
91%
at
90%
be
90%
ooh
89%
good
88%
Pre-chorus Good
88%
have
86%
i'm
86%
so
86%
me
85%
up
85%
attract
84%
bed
84%
finger
84%
Verse 1 wake
84%
wanna
84%
day
83%
middle
83%
yeah
83%
snap
82%
some
82%
want
81%
'cause
80%
('cause
80%
get
79%
manifest
79%
that
79%
everything
78%
keep
78%
love
78%
magnetic
78%
thumb
78%
aesthetic
77%
(aesthetic)
77%
aesthetic)
77%
shit
77%
karma
75%
why
74%
write
74%
attractive
73%
head
73%
heaven
73%
on
73%
clear
72%
got
72%
letters
72%
that's
72%
studio
71%
happen
70%
phone
70%
listening
69%
wrote
69%
but
68%
oh
68%
should
68%
think
68%
disconnect
67%
pen
67%
right
67%
don't
66%
friends
66%
read
66%
time
66%
tryna
66%
book
65%
left
65%
take
65%
fuckin'
64%
finessed
62%
losing
62%
meditation
62%
you
62%
1:30
61%
meeting
61%
o'clock
61%
ride
61%
your
61%
Verse 2 Looking
60%
connected
59%
stay
59%
twelve
59%
send
58%
conscience
57%
how
57%
team
57%
waste
57%
it's
56%
them
56%
with
56%
miss
53%
dumb
52%
light
52%
can
51%
make
51%
new
51%
we
51%
for
49%
thick
49%
gon'
48%
habits
48%
say
48%
wallet
48%
gotta
46%
top
46%
tricky
44%
password
42%
slim
42%
ego
40%
ah
37%
baby
37%
brain
37%
babe)
35%
redesign
35%
'em
23%
No matching quizzes found
Score Distribution
Percent of People with Each Score
Percentile by Number Answered
Your Score History
You have not taken this quiz